|
|
|
|
| LEADER |
01144nab a2200253 i 4500 |
| 001 |
tort670 |
| 005 |
20230421103752.0 |
| 008 |
230421s2023 hu o 0|| zxx d |
| 022 |
|
|
|a 0133-0500
|
| 040 |
|
|
|a PEREPO TORTENET
|b hun
|
| 041 |
|
|
|a zxx
|
| 245 |
0 |
3 |
|a Az informatika széles körben alkalmazható
|h [elektronikus dokumentum] :
|b Pályaválasztási napot tartott a vármegyei kamara a hetedikeseknek Zalaegerszegen
|
| 260 |
|
|
|a Zalai Hírlap Kiadói Bt.
|b Zalaegerszeg, Magyarország
|c 2023-04-21
|
| 300 |
|
|
|a 3
|
| 490 |
0 |
|
|a Zalai Hírlap
|v 79 No. 92
|
| 695 |
|
|
|a Pannon Egyetem Zalaegerszegi Egyetemi Központ - PE ZEK
|
| 695 |
|
|
|a pályaorientáció - pályaválasztás
|
| 695 |
|
|
|a Zala Megyei Kereskedelmi és Iparkamara
|
| 695 |
|
|
|a előadás
|
| 695 |
|
|
|a nyílt nap
|
| 695 |
|
|
|a Pepper
|
| 695 |
|
|
|a Zalaegerszegi Szakképzési Centrum Ganz Ábrahám Szakgimnáziuma
|
| 700 |
0 |
1 |
|a Pezzetta Umberto
|
| 856 |
4 |
0 |
|u https://perepo-tortenet.uni-pannon.hu/id/eprint/670/1/2023-04-21_zalai_h%C3%ADrlap_Az%20informatika%20sz%C3%A9les%20k%C3%B6rben%20alkalmazhat%C3%B3%20%2879.%20%C3%A9vf.%2092.%20sz.%2C%20p.%203.%29.pdf
|z Dokumentum-elérés
|